| 000 | 00406cam a2200157ua 4500 | ||
|---|---|---|---|
| 003 | OSt | ||
| 008 | 240213b |||||||| |||| 00| 0 eng d | ||
| 041 | _amal | ||
| 082 |
_a922.9 _bNEE/DI |
||
| 100 |
_aNeelakanda Pillai, Kavungal . _96018 |
||
| 245 | _aDivya Sri Sankaracharyar / | ||
| 250 | _a3 / | ||
| 260 |
_aQuilon : _bSree Rama Vilasam Press & Book Depot , _c1974. |
||
| 300 | _a48 ; . | ||
| 942 | _cBK | ||
| 999 |
_c6176 _d6176 |
||